000 00333nam a22001457a 4500
008 230317b ||||| |||| 00| 0 eng d
020 _a9781617317552
041 _aeng
080 _2THIRD EDITION
_a573
082 _a573PEN
100 _a16
101 _aBIOLOGJI
245 _aEXPLORING BIOLOGY
_cPENDARVIS P.M
942 _2udc
_cBK
999 _c59380
_d59380